|
|
|
|
| LEADER |
01038nam a2200265 i 4500 |
| 001 |
c000239754 |
| 003 |
CARM |
| 005 |
00000000000000.0 |
| 008 |
840305s1979 enk 0 eng d |
| 019 |
1 |
|
|a 1758938
|z 52276838
|5 LACONCORD2021
|
| 020 |
|
|
|a 0901050504
|
| 035 |
|
|
|a (OCoLC)6289120
|5 LACONCORD2021
|
| 082 |
0 |
4 |
|a 354.41066
|
| 100 |
1 |
|
|a Tomlinson, H. C.
|
| 245 |
1 |
0 |
|a Guns and government :
|b the Ordnance Office under the later Stuarts /
|c H.C. Tomlinson.
|
| 260 |
|
|
|a London :
|b Royal Historical Society,
|c 1979.
|
| 300 |
|
|
|a 268p.
|
| 490 |
1 |
|
|a Studies in history ;
|v no.15
|
| 504 |
|
|
|a Bibliographical footnotes.
|
| 610 |
1 |
0 |
|a Great Britain.
|b Board of Ordnance
|x History.
|
| 651 |
|
0 |
|a Great Britain
|x History
|y 1660-1714.
|
| 830 |
|
0 |
|a Royal Historical Society studies in history ;
|v no. 15.
|
| 852 |
8 |
|
|b CARM
|h A1:AP10F0
|i B07351
|p 0361939
|f BK
|
| 999 |
f |
f |
|i b667b91a-81c5-5771-a8c4-4571ae3b4e2b
|s 9815c739-2924-57ea-8275-af3d9b5029fb
|
| 952 |
f |
f |
|p Can circulate
|a CAVAL
|b CAVAL
|c CAVAL
|d CARM 1 Store
|e B07351
|f A1:AP10F0
|h Other scheme
|i book
|m 0361939
|